| 000 | 02257nam a2200301 a 4500 | ||
|---|---|---|---|
| 001 | 000022455 | ||
| 003 | DO-SdBNP | ||
| 005 | 20260321073640.0 | ||
| 007 | ta | ||
| 008 | 091204e1998 dr ac gr 001 edspa d | ||
| 020 | _a8492311339 | ||
| 040 |
_aDO-SdBNP _bspa _cBNPHU |
||
| 082 | 4 |
_a320.97293 _bJ61c, 1998 _222 |
|
| 100 | 1 |
_aJiménez, Felucho _923276 |
|
| 245 | 1 | 0 |
_a¿Cómo fue el gobierno de Juan Bosch? / _cFelucho Jiménez. |
| 250 | _a4a ed. | ||
| 260 |
_aSanto Domingo : _bAlfa y Omega, _c1998 |
||
| 300 |
_a445 p. : _bil. ; _c21 cm. |
||
| 500 | _aIncluye datos biográficos del autor en la solapa de la cubierta | ||
| 500 | _aConstitución, leyes, decretos, programas y acciones relevantes del gobierno del prof. Juan Bosch del 1963. Incluye una entrevista especial al prof. Juan Bosch acerca de su programa de gobierno. | ||
| 505 | 0 |
_aIntroduccción -- _gCapítulo primero -- _tLas elecciones del 1962 -- _tLey del Consejo de Estado que Convocó las elecciones del 1962 -- _tLos resultados electorales -- _gCapítulo segundo -- _tEl Presidente Bosch -- _tDiscurso de Toma de Posesión -- _tLo que hizo en siete meses -- _gCapítulo tercero -- _tLa constitución del 1963 -- _tCarta de presentación del proyecto de constitución -- _tLa constitución del 1963 -- _gCapítulo cuarto -- _tLas leyes más importantes -- _gCapítulo quinto -- _tLos decretos más importantes -- _tCapítulo sexto -- _tProyectos de ley al 25 de septiembre del 1963 -- _tAlgunos de los proyectos de ley que no llegaron a promulgarse o aprobarse -- _tLeyes del Gobierno de Bosch Derogadas o Modificadas por el Triunvirato hasta el 31 de diciembre del 1963 -- _tLeyes preparadas durante el Gobierno de Bosch que fueron Promulgadas por el Triunvirato hasta el 31 de diciembre del 1963 -- _gCapítulo séptimo _tDos discursos y una carta para la historia -- _tDiscursos del 16 de agosto del 1963 -- _tUna carta para la historia -- _gCapítulo octavo -- _tEl programa de gobierno (Entrevista al Prof. Juan Bosch) --. |
|
| 590 | _aInventariado, 2018/ YL | ||
| 600 | 1 | 0 |
_a Bosch, Juan, _d1909-2001 _976555 |
| 651 | 4 |
_aRepública Dominicana _xPolítica y Gobierno _y1961- _9204 |
|
| 651 | 4 |
_aRepública Dominicana _xHistoria _9170 |
|
| 910 | _aValidado. Control de calidad MFF | ||
| 942 |
_2ddc _cLBS1 |
||
| 999 |
_c21953 _d21953 |
||